000
00341nam a2200133Ia 4500
008
240624s9999 xx 000 0 und d
041
_a
eng
082
_a
823 SOL
100
_a
SOLZHENITSYN ALEKSANDR
245
_a
GULAG ARCHIPELAGO
260
_c
2007
_a
New York
_b
Harper Perennial Modern Classics
300
_a
472 p.; 20 cm.
365
_c
RS
999
_c
29217
_d
29217